000
00345pab a2200157 454500
008
180718b2002 xxu||||| |||| 00| 0 eng d
100
_a
Thomas, E.C.
245
_a
FDI in print media
260
_c
2002
300
_a
p.43-46.
362
_a
Nov
650
_a
Print media
650
_a
Foreign investment
773
_a
Yojana
909
_a
54167
999
_c
54167
_d
54167